000 00458nam a2200181Ia 4500
003 OSt
005 20230511141229.0
008 210423s2000 xx 000 0 und d
040 _cAL
041 _aeng
082 _a303.372
_223
_bBHAD
100 _aBAGAVATHI.
_9103102
245 _aDevelopment and social justice.
260 _aKottaym
_bAllied Publishers
_c2000
365 _b165
_cINR
906 _aDevelopment ; justice. ; social
942 _2ddc
_cBK
999 _c171975
_d171975